Online Catalogue and eLibrary

Religiousness in Sri Lanka (Record no. 855)

MARC details
000 -LEADER
fixed length control field 00218nam a2200097Ia 4500
008 - FIXED-LENGTH DATA ELEMENTS--GENERAL INFORMATION
fixed length control field 240331s9999 xx 000 0 und d
082 ## - DDC Classification
Class No. 291
Item Number - Author Mark CAR
100 ## - MAIN ENTRY--PERSONAL NAME
Personal name Carter, J.M
245 #0 - TITLE STATEMENT
Title Religiousness in Sri Lanka
942 ## - Koha item type (Biblio)
Koha item type Books in Stacks (Lending)
Holdings
Lost status Damaged status Collection code Home library Current library Shelving location Date acquired Full call number Accession Number Item type
    Lending WERC Library WERC Library Social Science Cupboard 03/31/2024 291 CAR 62 Books in Stacks (Lending)

© WERC Library